000 00733nam a22001817a 4500
008 160504b xxu||||| |||| 00| 0 eng d
020 _a971-93450-0-4
082 _22006
_aDFil 959.9
_bP53
100 _97546
_aEncarnacion Tadem, Teresa S.
_eeditor.
245 _aPhilippine politics and governance:
_bchallenges to democratizing and development/
_cTeresa S. Encarnacion Tadem and Noel M. Morada, editors.
260 _aQuezon City:
_bDepartment of Political Science, University of the Philippines,
_cc2006.
300 _axix, 303 pages;
_c25 cm.
500 _aIncludes index.
650 0 _97554
_aPhilippines
_xPolitics and government.
650 0 _97555
_aPhilippines
_xHistory.
700 _97547
_aMorada, Noel M.
942 _2ddc
_cDFIL
999 _c2305
_d2305